Every Place in Idaho on a map - Statistics

General Stats
  • This quiz has been taken 114 times
  • The average score is 34 of 237
Answers on the Map
Answers color-coded by a green-red scale on the quiz's map according to % correct below.
 
Answer Stats
Population Place % Correct
235,684 Boise
97%
64,818 Idaho Falls
78%
54,628 Coeur d'Alene
75%
100,200 Nampa
63%
25,435 Moscow
59%
51,807 Twin Falls
58%
56,320 Pocatello
57%
117,635 Meridian
49%
34,203 Lewiston
44%
39,409 Rexburg
41%
59,996 Caldwell
40%
8,639 Sandpoint
34%
30,346 Eagle
33%
15,979 Mountain Home
32%
38,485 Post Falls
32%
466 Idaho City
31%
2,520 Bonners Ferry
27%
11,704 Burley
27%
1,783 Sun Valley
25%
15,570 Hayden
23%
3,119 Salmon
23%
12,349 Jerome
22%
2,314 Kellogg
22%
24,011 Kuna
22%
3,686 McCall
22%
12,346 Blackfoot
20%
7,647 Emmett
20%
5,591 Preston
20%
11,117 Star
20%
902 Challis
19%
3,606 St. Anthony
19%
5,630 Weiser
19%
4,568 American Falls
18%
3,308 Grangeville
18%
1,653 Shoshone
18%
3,133 Soda Springs
18%
17,694 Ammon
17%
879 Arco
17%
1,282 Glenns Ferry
17%
9,161 Hailey
17%
3,555 Ketchum
17%
941 Kootenai
17%
822 Moyie Springs
17%
8,127 Payette
17%
791 Wallace
17%
709 Athol
16%
4,558 Buhl
16%
15,570 Chubbuck
16%
358 Lava Hot Springs
16%
1,229 Marsing
16%
9,425 Middleton
16%
372 Riggins
16%
116 Stanley
16%
867 Council
15%
1,025 Franklin
15%
6,072 Fruitland
15%
2,881 Homedale
15%
4,556 Lincoln
15%
572 Melba
15%
458 Nezperce
15%
2,656 Orofino
15%
467 Pierce
15%
5,038 Rigby
15%
6,082 Rupert
15%
949 Ashton
14%
1,005 Cascade
14%
822 Cottonwood
14%
511 Dubois
14%
12,316 Garden City
14%
3,707 Gooding
14%
920 Grace
14%
193 Island Park
14%
541 Paris
14%
2,096 Parma
14%
1,195 Paul
14%
1,289 Ponderay
14%
9,211 Rathdrum
14%
4,785 Shelley
14%
2,357 St. Maries
14%
1,715 Sugar City
14%
787 Teton
14%
685 Carey
13%
510 Dayton
13%
508 Deary
13%
249 Donnelly
13%
441 Fairfield
13%
812 Greenleaf
13%
624 Juliaetta
13%
1,117 Kamiah
13%
514 Kooskia
13%
2,643 Montpelier
13%
162 Moore
13%
114 Murtaugh
13%
517 New Meadows
13%
1,160 Ucon
13%
400 Weippe
13%
1,756 Aberdeen
11%
335 Cambridge
11%
2,537 Dalton Gardens
11%
752 Dover
11%
1,984 Driggs
11%
139 Elk River
11%
1,030 Genesee
11%
233 Harrison
11%
649 Hayden Lake
11%
3,700 Heyburn
11%
98 Hope
11%
288 Kendrick
11%
4,626 Kimberly
11%
98 Leadore
11%
439 Mackay
11%
715 Menan
11%
646 Mullan
11%
609 Notus
11%
786 Oakley
11%
1,015 Plummer
11%
763 Potlatch
11%
1,696 Priest River
11%
2,337 Spirit Lake
11%
39 State Line
11%
890 Troy
11%
2,917 Wendell
11%
253 Worley
11%
354 Arimo
10%
199 Bloomington
10%
191 Bovill
10%
215 Castleford
10%
10 Clayton
10%
458 Craigmont
10%
413 Culdesac
10%
571 Downey
10%
229 East Hope
10%
170 Elk City
10%
517 Firth
10%
968 Hagerman
10%
1,086 Hansen
10%
761 Hauser
10%
715 Horseshoe Bend
10%
104 Huetter
10%
2,299 Malad City
10%
167 Malta
10%
825 McCammon
10%
193 Midvale
10%
1,494 New Plymouth
10%
221 Oldtown
10%
1,567 Osburn
10%
1,679 Pinehurst
10%
83 White Bird
10%
1,597 Wilder
10%
131 Acequia
9%
1,255 Avimor
9%
357 Basalt
9%
2,560 Bellevue
9%
379 Blanchard
9%
258 Bliss
9%
513 Clark Fork
9%
138 Coolin
9%
338 Declo
9%
284 Dietrich
9%
393 Eden
9%
133 Ferdinand
9%
164 Fernan Lake Village
9%
2,738 Filer
9%
3,195 Fort Hall
9%
440 Grand View
9%
792 Inkom
9%
2,717 Iona
9%
434 Laclede
9%
1,169 Lapwai
9%
421 Lewisville
9%
86 Minidoka
9%
3,191 Mountain Home AFB
9%
321 Mud Lake
9%
196 Onaway
9%
42 Oxford
9%
302 Parker
9%
166 Peck
9%
500 Roberts
9%
242 Rockland
9%
594 Silverton
9%
670 Smelterville
9%
31 Spencer
9%
84 Tensed
9%
2,157 Victor
9%
192 Wardner
9%
4 Warm River
9%
511 Weston
9%
32 Yellow Pine
9%
299 Bancroft
8%
121 Bruneau
8%
78 Butte City
8%
413 Clifton
8%
154 Crouch
8%
13 Drummond
8%
803 Hazelton
8%
3,076 Hidden Springs
8%
243 Hollister
8%
259 Irwin
8%
42 Lost River
8%
337 Newdale
8%
48 Placerville
8%
46 Reubens
8%
667 Ririe
8%
930 Riverside
8%
63 Smiths Ferry
8%
161 St. Charles
8%
171 Stites
8%
225 Swan Valley
8%
308 Tetonia
8%
135 Viola
8%
356 Winchester
8%
234 Albion
7%
666 Arbon Valley
7%
236 Bennington
7%
73 Conkling Park
7%
145 De Smet
7%
503 Georgetown
7%
332 Hammett
7%
1,264 Moreland
7%
96 Murphy
7%
193 Princeton
7%
431 Richfield
7%
291 Rockford
7%
1,130 Tyhee
7%
22 Banks
6%
337 Fernwood
6%
982 Groveland
6%
83 Hamer
6%
161 Letha
6%
1,193 Robie Creek
6%
325 Rockford Bay
6%
155 Sweetwater
6%
41 Atomic City
5%
174 Gannett
5%
377 Garden Valley
5%
60 Parkline
5%
44 Lowman
3%
No matching quizzes found
Score Distribution
Percent of People with Each Score
Percentile by Number Answered
Your Score History
You have not taken this quiz